[Event "Benidorm New Generation U18 11th"]
[Site "Benidorm"]
[Date "2015.12.04"]
[Round "1.5"]
[White "Gonzalvez Tamarit, Ruben"]
[Black "Arrese Igor Royuela, Alex"]
[Result "1-0"]
[WhiteElo "1958"]
[BlackElo "1690"]
[PlyCount "75"]
[EventDate "2015.12.04"]
[EventType "swiss"]
[EventRounds "7"]
[EventCountry "ESP"]
[SourceTitle "EXT 2024"]
[Source "ChessBase"]
[SourceDate "2023.10.10"]
[SourceVersion "1"]
[SourceVersionDate "2023.10.10"]
[SourceQuality "1"]

1. e4 c5 2. Nf3 e6 3. d4 cxd4 4. Nxd4 Nf6 5. Nc3 Nc6 6. Be3 Bb4 7. Nxc6 bxc6 8. Bd3 d5 9. exd5 cxd5 10. 0-0 0-0 11. a3 Be7 12. Re1 Bb7 13. Ne2 e5 14. c3 e4 15. Bc2 Ng4 16. Bd4 Qd6 17. Ng3 Ne5 18. Nf5 Qc7 19. Nxe7+ Qxe7 20. Bxe5 Qxe5 21. Qd2 f5 22. f4 Qd6 23. Qe3 Qb6 24. Qxb6 axb6 25. Rad1 Rfd8 26. Rd4 Rd6 27. Red1 Rad8 28. Bb3 Kf8 29. c4 Ba6 30. Rxd5 Rxd5 31. Rxd5 Rxd5 32. cxd5 Ke7 33. Kf2 Kd6 34. Ke3 Kc5 35. Ba2 Bb7 36. b4+ Kb5 37. d6 Kc6 38. Bd5+ 1-0

[Event "ESP-ch U18"]
[Site "Salobrena"]
[Date "2015.07.27"]
[Round "2"]
[White "Redondo Benavente, Ana"]
[Black "Arrese Igor Royuela, Alex"]
[Result "1-0"]
[WhiteElo "1920"]
[BlackElo "1693"]
[PlyCount "65"]
[EventDate "2015.07.27"]
[EventType "swiss"]
[EventRounds "9"]
[EventCountry "ESP"]
[SourceTitle "EXT 2016"]
[Source "ChessBase"]
[SourceDate "2015.10.08"]
[SourceVersion "1"]
[SourceVersionDate "2015.10.08"]
[SourceQuality "1"]

1. e4 e5 2. Nf3 Nc6 3. Nc3 Nf6 4. d4 Bb4 5. d5 Nb8 6. Bd3 d6 7. 0-0 h6 8. h3 0-0 9. a3 Bxc3 10. bxc3 Nbd7 11. Ne1 Nc5 12. Qe2 c6 13. c4 cxd5 14. cxd5 Nh7 15. f4 f5 16. exf5 e4 17. Bc4 Bxf5 18. Be3 b6 19. g4 Bc8 20. Bxc5 bxc5 21. Qxe4 Re8 22. Qf3 Qf6 23. c3 Bb7 24. Ng2 Re7 25. h4 Rf8 26. Qd3 Ref7 27. g5 hxg5 28. hxg5 Nxg5 29. fxg5 Qxg5 30. Rxf7 Rxf7 31. Re1 g6 32. Re8+ Kg7 33. Qh3 1-0

[Event "Pamplona Navarro-ch"]
[Site "Pamplona"]
[Date "2015.05.16"]
[Round "6"]
[White "Arrese Igor Royuela, Alex"]
[Black "Martinez Zazo, Jesus"]
[Result "0-1"]
[WhiteElo "1697"]
[BlackElo "1779"]
[PlyCount "120"]
[EventDate "2015.04.11"]
[EventType "swiss"]
[EventRounds "8"]
[EventCountry "ESP"]
[SourceTitle "EXT 2016"]
[Source "ChessBase"]
[SourceDate "2015.10.08"]
[SourceVersion "1"]
[SourceVersionDate "2015.10.08"]
[SourceQuality "1"]

1. e4 g6 2. d4 c5 3. c3 cxd4 4. cxd4 Bg7 5. f4 Nf6 6. Nc3 d6 7. Nf3 0-0 8. Be2 a6 9. 0-0 b5 10. a3 Bb7 11. e5 Ne4 12. Nxe4 Bxe4 13. Ng5 Bd5 14. Bf3 dxe5 15. fxe5 h6 16. Bxd5 Qxd5 17. Nf3 Nc6 18. Be3 Na5 19. Bf2 Rac8 20. Rc1 Nb3 21. Rc3 Rxc3 22. bxc3 Rc8 23. Qc2 Qc4 24. Rb1 Na5 25. Be1 Nc6 26. Nd2 Nxd4 27. Qe4 Ne2+ 28. Kf2 Nxc3 29. Qxc4 bxc4 30. Rc1 Na4 31. Rxc4 Rxc4 32. Nxc4 Kf8 33. Bb4 Ke8 34. Ke2 Kd7 35. Kd3 f5 36. Kc2 Kc6 37. Bxe7 Nc5 38. Bf6 Bxf6 39. exf6 Kd5 40. f7 Ne6 41. Nb6+ Kc6 42. Nc4 Kd7 43. f8Q Nxf8 44. Nb6+ Kc6 45. Nc4 Nd7 46. Kc3 Kd5 47. Ne3+ Ke4 48. Kd2 Ne5 49. Nc2 Nc4+ 50. Ke2 g5 51. a4 a5 52. h3 Nb6 53. Na3 Nxa4 54. Nc4 Nc3+ 55. Kd2 Nd5 56. Nxa5 Nf4 57. g4 Nxh3 58. gxf5 Kxf5 59. Nc4 Kf4 60. Ne3 Kf3 0-1

[Event "Navarra-chT Primera Gp1"]
[Site "Navarra"]
[Date "2012.10.27"]
[Round "3.3"]
[White "Arcos Garcia, Manuel"]
[Black "Arrese Igor Royuela, Alex"]
[Result "0-1"]
[WhiteElo "1487"]
[BlackElo "1520"]
[PlyCount "78"]
[EventDate "2012.10.13"]
[EventType "team-swiss"]
[EventRounds "5"]
[EventCountry "ESP"]
[SourceTitle "EXT 2014"]
[Source "ChessBase"]
[SourceDate "2013.11.20"]
[SourceVersion "1"]
[SourceVersionDate "2013.11.20"]
[SourceQuality "1"]
[WhiteTeam "Orvina III"]
[BlackTeam "Oberena III"]
[WhiteTeamCountry "ESP"]
[BlackTeamCountry "ESP"]

1. f4 f5 2. b3 Nc6 3. Bb2 Nf6 4. e3 g6 5. Nf3 d6 6. Bb5 Bd7 7. 0-0 Bg7 8. Bxc6 Bxc6 9. Nd4 Bd7 10. d3 0-0 11. Nd2 e5 12. fxe5 dxe5 13. N4f3 e4 14. Ne5 Ng4 15. Nxg4 fxg4 16. Rxf8+ Qxf8 17. Bxg7 Qxg7 18. Nxe4 Re8 19. Qf1 Rf8 20. Qe1 Bf5 21. Nd2 Re8 22. e4 Qd4+ 23. Kh1 h5 24. Qg1 Qc3 25. Nc4 Bd7 26. Qd1 b5 27. Ne3 Qd4 28. Nd5 c6 29. Nf4 g5 30. Nxh5 Qe5 31. Rb1 Re7 32. Ng3 Rh7 33. Kg1 Qd4+ 34. Kh1 Qf2 35. Nf5 Bxf5 36. exf5 g3 37. h3 Rh4 38. Rc1 g4 39. Qe1 Rxh3+ 0-1